| 000 | 00510nac a22001691u 4500 | ||
|---|---|---|---|
| 090 | _c3759 | ||
| 008 | 080915t xxu||||| |||| 00| 0 eng d | ||
| 020 | _a9770903329 | ||
| 082 |
_a320.9174927 _bE397 |
||
| 245 |
_aالرؤية الغائبة / _cمصطفي الفقي . |
||
| 250 | _aط2 | ||
| 260 |
_aالقاهرة : _bدار الشروق ,1996 _c1996. |
||
| 300 |
_a176 ص ; _b25 سم . |
||
| 500 | _aArabic Books | ||
| 650 | _aArab countries--Politics and government. | ||
| 942 |
_cBB _k320.9174927E397 _2ddc |
||
| 999 |
_c3759 _d3759 |
||